Musical America

Detalles Bibliográficos
Título anterior:High fidelity (Musical America ed. : 1980)
Opus (Harrisburg, Pa.)
Formato: Electrónico Revista
Lenguaje:inglés
Publicado: [New York, N.Y. : ABC Consumer Magazines, c1987]-c1991.
Materias:
Acceso en línea:Full text available from Research Library: 01/01/1988 to 01/31/1992

MARC

LEADER 00000nas a2200000 a 4500
001 ssj0005928
003 WaSeSS
005 20200512172242.0
006 m d
007 cr n
008 870212d19871992nyubr p s ho 0 a0eng c
010 |a  87640738   |z sn 87021331  
016 7 |a 012413823  |2 Uk 
016 |a (AMICUS)000007093272 
022 |l 1042-3443  |y 1042-3443 
035 |a (WaSeSS)ssj0005928 
040 |a CDF  |b eng  |c CDF  |d IUL  |d NYG  |d DLC  |d HUL  |d NST  |d DLC  |d HUL  |d NST  |d NSD  |d NST  |d IUL  |d NST  |d DLC  |d NSD  |d IUL  |d GUA  |d OCLCQ  |d MUQ  |d OCLCQ  |d UKMGB  |d OCLCF  |d OCL  |d OCLCO  |d NLC  |d OCLCQ  |d AU@  |d WaSeSS 
042 |a pcc  |a nsdp 
043 |a n-us--- 
050 0 0 |a ML1  |b .M385 
082 0 0 |a 780/.43/0973  |2 19 
130 0 |a Musical America (New York, N.Y. : 1987) 
210 0 |a Music. Am.  |b (1987) 
222 0 |a Musical America  |b (1987) 
245 1 0 |a Musical America  |h [electronic resource]. 
260 |a [New York, N.Y. :  |b ABC Consumer Magazines,  |c c1987]-c1991. 
310 |a Bimonthly 
362 0 |a Vol. 107, no. 1 (Mar. 1987)-v. 112, no. 1(Jan./Feb. 1992). 
500 |a Title from cover. 
500 |a "The journal of classical music." 
506 |a License restrictions may limit access. 
515 |a Issues for 1987-1992 called v. 107-112 continuing the numbering of a publication with the same title, published 1898-1964, and including the years published within High fidelity (Musical America ed. : 1980). 
650 0 |a Music  |z United States  |v Periodicals. 
650 0 |a Music  |v Periodicals. 
650 7 |a Music  |2 fast  |0 (OCoLC)fst01030269 
650 6 |a Musique  |z États-Unis  |v Périodiques. 
650 6 |a Musique  |v Périodiques. 
651 7 |a United States.  |2 fast  |0 (OCoLC)fst01204155 
655 0 |a Electronic journals. 
770 0 |t Festivals (New York, N.Y.)  |g 1989-1990  |w (DLC) 91650310  |w (OCoLC)19750526 
770 0 |t Musical America's festivals (New York, N.Y. : 1991)  |g 1991-1992  |w (DLC)sn 91017387  |w (OCoLC)23860633 
780 0 0 |t High fidelity (Musical America ed. : 1980)  |x 0735-777X  |w (DLC) 83640343  |w (OCoLC)7081128 
780 0 5 |t Opus (Harrisburg, Pa.)  |g July 1988  |x 8750-488X  |w (DLC) 86641375  |w (OCoLC)11434581 
850 |a AAP  |a ArU  |a AzTeS  |a CLSU  |a CSt  |a CStclU  |a CU  |a CU-I  |a CU-Riv  |a CCC  |a CU-S  |a CU-SB  |a CaBVaU  |a CaMBC  |a CaMWU  |a CaNBSaN  |a CaNSHD  |a CaOONL  |a CaOTU  |a CoU  |a DLC  |a DeU  |a FU  |a GU  |a IC  |a ICarbS  |a INS  |a IaAS  |a IaU  |a In  |a InLP  |a InU  |a KMK  |a KPT  |a KyU  |a LU  |a MBU  |a MCM  |a MH-Hi  |a MMeT  |a MNS  |a MdU  |a MiDW  |a MiEM  |a MiU  |a MnU  |a MoU  |a N  |a NBC  |a NIC  |a NN  |a NNC  |a NRU  |a NRU-Mus  |a NSyU  |a NcD  |a NcU  |a NcWsW  |a NjR  |a NmU  |a OCU  |a OU  |a OrU  |a PBL  |a PU  |a RBP  |a TU  |a TxDaM  |a TxHR  |a UPB  |a UU  |a ViU  |a ViW  |a WaU  |a WvU  |a WyU 
856 4 0 |z Full text available from Research Library: 01/01/1988 to 01/31/1992  |u https://search.proquest.com/publication/36185